| 000 | 00570nam a2200217Ia 4500 | ||
|---|---|---|---|
| 005 | 20260429112103.0 | ||
| 008 | 260429s9999||||xx |||||||||||||| ||und|| | ||
| 020 | _a9781032515434 | ||
| 041 | _aEnglish | ||
| 082 |
_a570.285 _bVOI |
||
| 100 | _aVoit, Eberhard O. | ||
| 245 | 0 |
_aFirst course in systems biology / _cEberhard O. Voit |
|
| 250 | _a3rd ed. | ||
| 260 |
_aBoca Raton : _bCRC Press, _c2025. |
||
| 300 | _axiii, 518 p.; pbk | ||
| 650 | _a Gene systems | ||
| 650 | _a Protein systems | ||
| 650 | _aBiology | ||
| 700 | _a Kemp, melissa L. | ||
| 942 | _cTB | ||
| 999 |
_c52284 _d52284 |
||